00321nam a2200133Ia 4500008004100000020001800041082001600059100001900075245004600094250000800140260002300148300000800171650000800179191201s2006 xx 000 0 und d a9780074635797 a005.43bDHS aDHAMDHERE, D M 0aSystems Programming and Operating Systems aRep aN.DelhibTMHc2006 a789 aMCA